| 000 | 01050nam a22002537a 4500 | ||
|---|---|---|---|
| 005 | 20170124103017.0 | ||
| 010 | _aA-698197 | ||
| 020 |
_c80.00 _a8185050481 |
||
| 035 | _aA-698197 | ||
| 037 | _bCen Lib/Ret | ||
| 040 |
_aDPL _bHN |
||
| 082 |
_aक _bबूढला |
||
| 100 |
_aबूढलाकोटी, निवेदिता _945019 |
||
| 245 |
_aहर्डल रेस / _cनिवेदिता बूढलाकोटी |
||
| 246 |
_aHardel race / _bby Nivedita Budhlakoti |
||
| 260 |
_aदिल्ली _bकादंबरी प्रकाशन _c1994 |
||
| 270 |
_a5451, शिव मेकेट, न्यू चन्द्रवल, जवाहर नगर _bदिल्ली _e110007 |
||
| 300 |
_a143पृ. _c20सेमी (सजिल्द) |
||
| 650 |
_aहिन्दी साहित्य _959567 |
||
| 650 |
_aहिन्दी कहानियां _959568 |
||
| 650 |
_aHindi literature _959569 |
||
| 650 |
_aHindi stories _959570 |
||
| 942 |
_2ddc _cHN _hक _mबूढला |
||
| 999 |
_c115031 _d115031 |
||